000 00669nam a2200241 i 4500
001 C2-0246566
003 PPAK
005 20180727211310.0
008 030324s2001 my a|||| ||||| | eng d
020 _a0957875916
040 _aPPAK
_beng
_cPPAK
_erda
082 0 4 _a701.15
_223
090 0 0 _a701.15
_bMAT
_dR
100 1 _aMathe, Ambi,
_eauthor
245 1 2 _aA journey on wing's of creativity
264 1 _a[Kuala Lumpur] :
_bPeleus Press ,
_c2001
300 _avarious pages :
_bcolour illustrations ;
_c38 cm
336 _2rdacontent
_atext
337 _2rdamedia
_aunmediated
338 _2rdacarrier
_avolume
650 1 0 _aCreative ability
942 _ddc
_cB
999 _c60490
_d60490